000
00258 a2200097 4500
001
31402
100
_a
Rao, Raghuveer M
245
_a
Wavelet Transforms; introduction to theory and application
260
_a
USA
_b
Addison Wesley
_c
1998
090
_c
21288
_d
21288
942
_a
NUST-CAE
_c
M
_c
12545
999
_c
266475
_d
266475